=LDR 00000nam 2200000 4500 =001 INLIS000000000035975 =005 20130612141805 =008 ***********************************Ind** =035 ##$$0010-061300000035975 =041 ##$$a Ind =082 ##$$a 615.880 959 822 =090 ##$$a 615.880 959 822, Rek p =100 ##$$a Reksodihardjo,Soegong =245 ##$$a Pengobatan Tradissonal Pada Masyarakat pedesaan Daerah Jawa tengah, Soegeng Reksodihardjo,Imam Soedibya,Soetomo =260 ##$$a 1991 $b Jakarta =300 ##$$a ix,176 Hlm, Ilus, 20 cm =650 ##$$a kesehatan masyarakat =850 ##$$a NBPNMAT